Reštrukturalizácia výrobnej organizácie.

Indikátory nepriaznivého stavu. Angažovanie účastníkov ako podmienka úspešnosti reštrukturalizácie. Reštrukturalizácia a jej vnútorné väzby. Výber zostavy nástrojov pre realizáciu reštrukturalizácie.

Guardado en:
Detalles Bibliográficos
Autor principal: Kováč, Igor
Formato: Capítulo de libro
Lenguaje:eslovaco
Materias:
Etiquetas: Agregar Etiqueta
Sin Etiquetas, Sea el primero en etiquetar este registro!

MARC

LEADER 00000naa$a2200000$$$4500
001 0090827
005 20220729111642.6
041 0 |a slo 
044 |a SK 
245 1 0 |a Reštrukturalizácia výrobnej organizácie.  |c Igor Kováč 
520 |a Indikátory nepriaznivého stavu. Angažovanie účastníkov ako podmienka úspešnosti reštrukturalizácie. Reštrukturalizácia a jej vnútorné väzby. Výber zostavy nástrojov pre realizáciu reštrukturalizácie. 
610 2 0 |a výroba 
610 2 0 |a reštrukturalizácia 
610 2 0 |a modelovanie 
610 2 0 |a firmy 
610 2 0 |a konkurencieschopnosť 
100 1 |a Kováč, Igor